[Event "14. Obert Int. Sant Marti 2012"]
[Site "Barcelona ESP"]
[Date "2012.07.18"]
[Round "6.29"]
[White "Mamedjarova, Turkan"]
[Black "Mamedjarova, Zeinab"]
[Result "1/2-1/2"]
[WhiteElo "2259"]
[BlackElo "2307"]
[PlyCount "29"]
[EventDate "2012.07.13"]
[EventType "swiss"]
[EventRounds "9"]
[EventCountry "ESP"]
[SourceTitle "Ajedrez en Madrid"]
[Source "lmi"]
[SourceDate "2012.07.13"]
[SourceVersion "1"]
[SourceVersionDate "2019.06.21"]
[SourceQuality "1"]

1. e4 e5 2. Nf3 Nf6 3. Nxe5 d6 4. Nf3 Nxe4 5. Qe2 Qe7 6. d3 Nf6 7. Nc3 Bg4 8.
Qxe7+ Bxe7 9. Be2 Nbd7 10. Nb5 Bd8 11. Nc3 Be7 12. Nb5 Bd8 13. Nc3 Be7 14. Nb5
Bd8 15. Nc3 1/2-1/2

[Event "14. Obert Int. Sant Marti 2012"]
[Site "Barcelona ESP"]
[Date "2012.07.18"]
[Round "6.30"]
[White "Ramesa, Marin"]
[Black "Ramirez Garcia, Jorge Alberto"]
[Result "1/2-1/2"]
[WhiteElo "2214"]
[BlackElo "2241"]
[PlyCount "86"]
[EventDate "2012.07.13"]
[EventType "swiss"]
[EventRounds "9"]
[EventCountry "ESP"]
[SourceTitle "Ajedrez en Madrid"]
[Source "lmi"]
[SourceDate "2012.07.13"]
[SourceVersion "1"]
[SourceVersionDate "2019.06.21"]
[SourceQuality "1"]

1. d4 Nf6 2. Nf3 d5 3. c4 e6 4. Nc3 Nbd7 5. e3 Be7 6. Bd3 O-O 7. O-O b6 8. e4
dxe4 9. Nxe4 Bb7 10. Qe2 c5 11. Rd1 Qc7 12. Bg5 Rfe8 13. dxc5 bxc5 14. Bc2 h6
15. Bh4 Nxe4 16. Bxe7 Ndf6 17. Bxf6 Nxf6 18. Ne5 Red8 19. Qe3 Rxd1+ 20. Rxd1
Rd8 21. f3 Rxd1+ 22. Bxd1 Be4 23. Qc3 Bb1 24. a3 Nd7 25. Nxd7 Qxd7 26. Be2 Kf8
27. b4 Qd4+ 28. Qxd4 cxd4 29. Kf2 e5 30. c5 Ke7 31. Bc4 f5 32. a4 e4 33. a5 Kd7
34. b5 e3+ 35. Ke2 f4 36. a6 d3+ 37. Bxd3 Bxd3+ 38. Kxd3 Kc7 39. b6+ axb6 40.
a7 Kb7 41. cxb6 g5 42. g3 h5 43. g4 h4 1/2-1/2

[Event "14. Obert Int. Sant Marti 2012"]
[Site "Barcelona ESP"]
[Date "2012.07.18"]
[Round "6.31"]
[White "Tarrago Domingo, Miguel"]
[Black "Minguez Rodriguez, Raul"]
[Result "0-1"]
[WhiteElo "2046"]
[BlackElo "2237"]
[PlyCount "102"]
[EventDate "2012.07.13"]
[EventType "swiss"]
[EventRounds "9"]
[EventCountry "ESP"]
[SourceTitle "Ajedrez en Madrid"]
[Source "lmi"]
[SourceDate "2012.07.13"]
[SourceVersion "1"]
[SourceVersionDate "2019.06.21"]
[SourceQuality "1"]

1. Nf3 Nf6 2. c4 g6 3. g3 Bg7 4. Bg2 O-O 5. Nc3 d6 6. O-O e5 7. d3 Nc6 8. e4
Ne8 9. Nd5 Ne7 10. d4 c6 11. Nxe7+ Qxe7 12. dxe5 dxe5 13. Qe2 Bg4 14. h3 Bxf3
15. Qxf3 Nc7 16. Rd1 Ne6 17. b3 Nd4 18. Qd3 Rfd8 19. Bb2 a5 20. Bxd4 Rxd4 21.
Qc2 Qa3 22. Rxd4 exd4 23. Rd1 a4 24. Bf1 axb3 25. axb3 c5 26. Bd3 Qb4 27. Rb1
Ra3 28. Kg2 Bh6 29. Rb2 Qc3 30. Kf3 Qa5 31. Ke2 Qb6 32. Kf3 Bg5 33. Kg2 Bd8 34.
Be2 Qb4 35. Bd1 Bf6 36. e5 Bxe5 37. Qe2 Bg7 38. Ra2 Rxa2 39. Qxa2 d3 40. Qa8+
Bf8 41. Qc8 Kg7 42. Qd7 Qc3 43. Qxb7 Bd6 44. Qd5 Be5 45. Qxc5 Bd4 46. Qd5 Qb2
47. Qf3 Qd2 48. h4 Bxf2 49. Kh3 Bg1 50. h5 Qh2+ 51. Kg4 Qxh5+ 0-1

[Event "14. Obert Int. Sant Marti 2012"]
[Site "Barcelona ESP"]
[Date "2012.07.18"]
[Round "6.32"]
[White "Capellades Subirana, Marc"]
[Black "Garriga Cazorla, Pere"]
[Result "1/2-1/2"]
[WhiteElo "2233"]
[BlackElo "2056"]
[PlyCount "124"]
[EventDate "2012.07.13"]
[EventType "swiss"]
[EventRounds "9"]
[EventCountry "ESP"]
[SourceTitle "Ajedrez en Madrid"]
[Source "lmi"]
[SourceDate "2012.07.13"]
[SourceVersion "1"]
[SourceVersionDate "2019.06.21"]
[SourceQuality "1"]

1. e4 c5 2. Nf3 Nc6 3. d4 cxd4 4. Nxd4 Qb6 5. Nb3 Nf6 6. Nc3 e6 7. Be3 Qc7 8.
a3 a6 9. f4 d6 10. Be2 Be7 11. O-O b5 12. Bf3 O-O 13. Qe1 Bb7 14. Rd1 Rac8 15.
Bf2 Nd7 16. Nd5 exd5 17. exd5 Nce5 18. fxe5 Nxe5 19. Bg3 Nc4 20. Bg4 Rce8 21.
Qc3 Bg5 22. Nd4 Qb6 23. Bf2 Be3 24. Nf5 Bxf2+ 25. Rxf2 Re5 26. b3 Ne3 27. Nxe3
Rxe3 28. Qd4 Re1+ 29. Rf1 Qxd4+ 30. Rxd4 Rfe8 31. Bd7 Rxf1+ 32. Kxf1 Re7 33.
Bc6 f5 34. a4 Rc7 35. axb5 axb5 36. Bxb7 Rxb7 37. Rb4 Rc7 38. c4 bxc4 39. bxc4
Re7 40. Kf2 Re4 41. Kf3 Kf7 42. Rb7+ Kf6 43. Rc7 h5 44. c5 dxc5 45. Rxc5 g5 46.
Rc6+ Ke5 47. Rg6 g4+ 48. Kf2 Kxd5 49. Rg5 Ke5 50. Rxh5 Ra4 51. Rh8 Ra3 52. Re8+
Kf4 53. Re2 Rb3 54. Ra2 Rc3 55. Ke2 Rb3 56. Kd2 Rb1 57. Ke2 Rh1 58. Ra4+ Kg5
59. h3 gxh3 60. gxh3 Rxh3 61. Kf2 Rb3 62. Rc4 Ra3 1/2-1/2

[Event "14. Obert Int. Sant Marti 2012"]
[Site "Barcelona ESP"]
[Date "2012.07.18"]
[Round "6.33"]
[White "Chakravarthi, Y V K.."]
[Black "Ortega Serra, Marc"]
[Result "1-0"]
[WhiteElo "2053"]
[BlackElo "2223"]
[PlyCount "125"]
[EventDate "2012.07.13"]
[EventType "swiss"]
[EventRounds "9"]
[EventCountry "ESP"]
[SourceTitle "Ajedrez en Madrid"]
[Source "lmi"]
[SourceDate "2012.07.13"]
[SourceVersion "1"]
[SourceVersionDate "2019.06.21"]
[SourceQuality "1"]

1. d4 Nf6 2. c4 e6 3. Nc3 Bb4 4. Qc2 d5 5. cxd5 exd5 6. Bg5 h6 7. Bh4 c6 8. e3
g5 9. Bg3 Ne4 10. Bd3 Bf5 11. Be5 Rg8 12. f3 Nxc3 13. Bxf5 Ne4+ 14. Kf1 Nf6 15.
Qb3 Bd6 16. Qxb7 Bxe5 17. dxe5 Nfd7 18. Qxa8 Qc7 19. Bxd7+ Kxd7 20. Ne2 Rc8 21.
Nd4 Qb6 22. Rc1 Rc7 23. b3 a5 24. Ke2 Ra7 25. Rxc6 Nxc6 26. Qxc6+ Qxc6 27. Nxc6
Kxc6 28. Rc1+ Kb5 29. a3 Re7 30. Kd3 Rxe5 31. Kd4 Re6 32. Rc5+ Kb6 33. Rxd5 Rc6
34. b4 axb4 35. axb4 Rc2 36. Rd6+ Kb5 37. Rxh6 Rxg2 38. h3 Rg3 39. Rf6 Kxb4 40.
Rxf7 Kb5 41. Kd5 Kb6 42. e4 Rxh3 43. e5 Rh1 44. Kd6 Re1 45. e6 Rd1+ 46. Ke7 Rd3
47. Rf6 Kc7 48. Kf7 Re3 49. Ke7 Re5 50. Rf8 Re3 51. Rf5 Kc6 52. Rf7 Kd5 53.
Rf5+ Kc6 54. Rf8 Kc7 55. Rf7 Kc6 56. Rf5 Kc7 57. Rxg5 Rxf3 58. Rc5+ Kb6 59. Kd6
Re3 60. Re5 Rd3+ 61. Rd5 Ra3 62. e7 Ra8 63. Re5 1-0

[Event "14. Obert Int. Sant Marti 2012"]
[Site "Barcelona ESP"]
[Date "2012.07.18"]
[Round "6.34"]
[White "Ezquerro Luque, Albert"]
[Black "Umudova, Nargiz"]
[Result "0-1"]
[WhiteElo "2041"]
[BlackElo "2210"]
[PlyCount "96"]
[EventDate "2012.07.13"]
[EventType "swiss"]
[EventRounds "9"]
[EventCountry "ESP"]
[SourceTitle "Ajedrez en Madrid"]
[Source "lmi"]
[SourceDate "2012.07.13"]
[SourceVersion "1"]
[SourceVersionDate "2019.06.21"]
[SourceQuality "1"]

1. e4 c5 2. Nc3 Nc6 3. Bb5 e6 4. Nge2 Nge7 5. O-O a6 6. Bxc6 Nxc6 7. d3 Be7 8.
f4 d5 9. Ng3 f5 10. exd5 exd5 11. Qf3 Be6 12. Re1 Qd7 13. Nd1 O-O 14. c3 g6 15.
Bd2 Bf6 16. Nf2 Bf7 17. Nf1 b5 18. g4 fxg4 19. Nxg4 Bg7 20. f5 Qxf5 21. Qxf5
gxf5 22. Nh6+ Bxh6 23. Bxh6 Rfe8 24. Bf4 d4 25. Kf2 dxc3 26. bxc3 b4 27. c4
Red8 28. Re3 Nd4 29. Rg3+ Bg6 30. Re1 Kf7 31. Re5 Ne6 32. Bc1 f4 33. Bxf4 Nxf4
34. Rf3 Rd4 35. Kg3 Bxd3 36. Ne3 Rg8+ 37. Ng4 h5 38. Rxh5 Be2 39. Rf5+ Ke6 40.
Rf6+ Kd7 41. R6xf4 Bxf3 42. Rxd4+ cxd4 43. Kxf3 Ke6 44. c5 a5 45. h3 a4 46. Ke4
b3 47. axb3 a3 48. Nh6 Rf8 0-1

[Event "14. Obert Int. Sant Marti 2012"]
[Site "Barcelona ESP"]
[Date "2012.07.18"]
[Round "6.35"]
[White "Isgandarova, Khayala"]
[Black "Molinero Martin, Joan"]
[Result "0-1"]
[WhiteElo "2206"]
[BlackElo "2046"]
[PlyCount "40"]
[EventDate "2012.07.13"]
[EventType "swiss"]
[EventRounds "9"]
[EventCountry "ESP"]
[SourceTitle "Ajedrez en Madrid"]
[Source "lmi"]
[SourceDate "2012.07.13"]
[SourceVersion "1"]
[SourceVersionDate "2019.06.21"]
[SourceQuality "1"]

1. e4 c6 2. d4 d5 3. exd5 cxd5 4. Nf3 Nc6 5. Bd3 Bg4 6. c3 e6 7. h3 Bh5 8. Nbd2
Nf6 9. Qa4 Bd6 10. O-O a6 11. b4 Bg6 12. Be2 h6 13. b5 axb5 14. Qxb5 Qc7 15. c4
Bb4 16. cxd5 Nxd5 17. Bb2 O-O 18. Rfc1 Qe7 19. Nb3 Na7 20. Qc4 b5 0-1

[Event "14. Obert Int. Sant Marti 2012"]
[Site "Barcelona ESP"]
[Date "2012.07.18"]
[Round "6.36"]
[White "Jaramillo Ochoa, Mateo"]
[Black "Montalban Galvez, Antoni"]
[Result "0-1"]
[WhiteElo "2030"]
[BlackElo "2204"]
[PlyCount "60"]
[EventDate "2012.07.13"]
[EventType "swiss"]
[EventRounds "9"]
[EventCountry "ESP"]
[SourceTitle "Ajedrez en Madrid"]
[Source "lmi"]
[SourceDate "2012.07.13"]
[SourceVersion "1"]
[SourceVersionDate "2019.06.21"]
[SourceQuality "1"]

1. e4 c5 2. Nf3 Nc6 3. d4 cxd4 4. Nxd4 e6 5. Nc3 Qc7 6. f4 a6 7. Nxc6 bxc6 8.
Bd3 d5 9. Qf3 Nf6 10. O-O Bb7 11. Bd2 Be7 12. Rae1 h6 13. Qg3 O-O-O 14. e5 Nh5
15. Qh3 g6 16. f5 exf5 17. Rxf5 gxf5 18. Bxf5+ Kb8 19. Qxh5 Rdg8 20. e6 fxe6
21. Bxe6 Rg7 22. Be3 Bd6 23. Bd4 Rg5 24. Qf7 Rf8 25. Qxc7+ Kxc7 26. Na4 Re8 27.
Bb6+ Kb8 28. Bc5 Bxc5+ 29. Nxc5 Bc8 30. Re2 d4 0-1

[Event "14. Obert Int. Sant Marti 2012"]
[Site "Barcelona ESP"]
[Date "2012.07.18"]
[Round "6.37"]
[White "Deleyn, Gunter"]
[Black "Lopez Forn, Marc"]
[Result "1/2-1/2"]
[WhiteElo "2197"]
[BlackElo "2032"]
[PlyCount "50"]
[EventDate "2012.07.13"]
[EventType "swiss"]
[EventRounds "9"]
[EventCountry "ESP"]
[SourceTitle "Ajedrez en Madrid"]
[Source "lmi"]
[SourceDate "2012.07.13"]
[SourceVersion "1"]
[SourceVersionDate "2019.06.21"]
[SourceQuality "1"]

1. g3 f5 2. Bg2 d5 3. d3 e5 4. a3 Nf6 5. b4 Bd6 6. Nf3 O-O 7. O-O c6 8. c4 e4
9. Nd4 Na6 10. cxd5 cxd5 11. Qb3 Nc7 12. Bb2 Kh8 13. Nc3 Qe8 14. e3 Bd7 15. a4
Qh5 16. Ncb5 f4 17. exf4 Bh3 18. Nxd6 Ng4 19. f3 exf3 20. Nxf3 Bxg2 21. Kxg2
Ne6 22. Rae1 Nxf4+ 23. gxf4 Rxf4 24. h3 Raf8 25. Re6 Nf2 1/2-1/2

[Event "14. Obert Int. Sant Marti 2012"]
[Site "Barcelona ESP"]
[Date "2012.07.18"]
[Round "6.38"]
[White "Leiro Giralt, Daniel"]
[Black "Vilalta Vidal, Javier"]
[Result "1-0"]
[WhiteElo "2214"]
[BlackElo "1942"]
[PlyCount "39"]
[EventDate "2012.07.13"]
[EventType "swiss"]
[EventRounds "9"]
[EventCountry "ESP"]
[SourceTitle "Ajedrez en Madrid"]
[Source "lmi"]
[SourceDate "2012.07.13"]
[SourceVersion "1"]
[SourceVersionDate "2019.06.21"]
[SourceQuality "1"]

1. e4 c5 2. Nc3 d6 3. Nge2 Nc6 4. g3 g6 5. d4 cxd4 6. Nxd4 Bg7 7. Nde2 Nf6 8.
Bg2 O-O 9. O-O Bd7 10. h3 Qb6 11. a4 Rfc8 12. Nd5 Nxd5 13. exd5 Ne5 14. Ra2 Bf5
15. b3 Qc5 16. Be3 Qc7 17. Nd4 Nd7 18. g4 Bxd4 19. Qxd4 Bxc2 20. Rc1 1-0

[Event "14. Obert Int. Sant Marti 2012"]
[Site "Barcelona ESP"]
[Date "2012.07.18"]
[Round "6.39"]
[White "Olive Oller, Guim"]
[Black "Meza Martinez, Alcides Ivan"]
[Result "0-1"]
[WhiteElo "1850"]
[BlackElo "2187"]
[PlyCount "56"]
[EventDate "2012.07.13"]
[EventType "swiss"]
[EventRounds "9"]
[EventCountry "ESP"]
[SourceTitle "Ajedrez en Madrid"]
[Source "lmi"]
[SourceDate "2012.07.13"]
[SourceVersion "1"]
[SourceVersionDate "2019.06.21"]
[SourceQuality "1"]

1. d4 e6 2. c4 f5 3. Nc3 Nf6 4. Nf3 Bb4 5. g3 Ne4 6. Qc2 O-O 7. Bg2 d6 8. O-O
Bxc3 9. bxc3 Qe8 10. Ba3 Rf6 11. Ne1 Ng5 12. c5 d5 13. Nd3 c6 14. Bc1 Nf7 15.
Bf4 Nd7 16. Be5 Rh6 17. f3 Nfxe5 18. dxe5 Qe7 19. e4 Nxc5 20. exd5 exd5 21.
Rfe1 Be6 22. Rab1 Rf8 23. h3 Rg6 24. Kh2 Nxd3 25. Qxd3 f4 26. g4 Bc8 27. Rb4
Re6 28. Ra4 b5 0-1

[Event "14. Obert Int. Sant Marti 2012"]
[Site "Barcelona ESP"]
[Date "2012.07.18"]
[Round "6.40"]
[White "Hernandez Moya, Yuleisy"]
[Black "Diaz-flores Garcia, Pablo"]
[Result "1/2-1/2"]
[WhiteElo "2177"]
[BlackElo "2018"]
[PlyCount "33"]
[EventDate "2012.07.13"]
[EventType "swiss"]
[EventRounds "9"]
[EventCountry "ESP"]
[SourceTitle "Ajedrez en Madrid"]
[Source "lmi"]
[SourceDate "2012.07.13"]
[SourceVersion "1"]
[SourceVersionDate "2019.06.21"]
[SourceQuality "1"]

1. e4 e6 2. d4 d5 3. Nc3 Bb4 4. exd5 exd5 5. Bd3 c5 6. Nf3 c4 7. Be2 Nf6 8. O-O
O-O 9. Nb1 Nc6 10. Bg5 Qd6 11. c3 Ba5 12. Nbd2 b5 13. a3 Bc7 14. Bh4 Bf5 15.
Bg3 Qd7 16. Bxc7 Qxc7 17. Nh4 1/2-1/2

[Event "14. Obert Int. Sant Marti 2012"]
[Site "Barcelona ESP"]
[Date "2012.07.18"]
[Round "6.41"]
[White "Ginesta Caballero, Olga Lucia"]
[Black "Fernandez Aguilar, Francisco"]
[Result "1-0"]
[WhiteElo "2093"]
[BlackElo "1946"]
[PlyCount "143"]
[EventDate "2012.07.13"]
[EventType "swiss"]
[EventRounds "9"]
[EventCountry "ESP"]
[SourceTitle "Ajedrez en Madrid"]
[Source "lmi"]
[SourceDate "2012.07.13"]
[SourceVersion "1"]
[SourceVersionDate "2019.06.21"]
[SourceQuality "1"]

1. e4 e5 2. Nf3 Nc6 3. d4 exd4 4. Bc4 Nf6 5. e5 d5 6. Bb5 Ne4 7. Nxd4 Bd7 8.
Bxc6 bxc6 9. O-O Bc5 10. f3 Ng5 11. f4 Ne4 12. Be3 Qe7 13. Nd2 Nd6 14. Kh1 Nf5
15. Nxf5 Bxf5 16. Bxc5 Qxc5 17. c3 O-O 18. Nb3 Qb6 19. Qd4 a5 20. Rf2 a4 21.
Qxb6 cxb6 22. Nd4 Bd7 23. a3 Rae8 24. Rd1 f6 25. e6 Bxe6 26. Nxc6 Bg4 27. Rc1
Be2 28. h3 Re4 29. Rc2 Bc4 30. Rcd2 Kf7 31. Kh2 h5 32. h4 g6 33. Kg3 Rfe8 34.
Nd4 Re3+ 35. Rf3 R3e4 36. Kf2 Kg7 37. g3 Kf7 38. f5 g5 39. hxg5 fxg5 40. Ne6
Kf6 41. Kg1 Re1+ 42. Kg2 Re5 43. Rff2 Rh8 44. Nd4 h4 45. g4 Re4 46. Kh3 Re3+
47. Kh2 Rhe8 48. Ne6 Re4 49. Rg2 Bf1 50. Rgf2 Bc4 51. Kh3 Re3+ 52. Kh2 Rg3 53.
Rd4 Re3 54. Rfd2 Re2+ 55. Rxe2 Bxe2 56. Rxa4 Bxg4 57. Rxg4 Kxf5 58. Ng7+ Kxg4
59. Nxe8 Kf3 60. Nf6 g4 61. Nxg4 Kxg4 62. a4 Kf5 63. b4 Ke6 64. Kh3 d4 65. cxd4
Kd5 66. a5 bxa5 67. bxa5 Kc6 68. Kxh4 Kb5 69. Kg5 Kxa5 70. Kf6 Kb6 71. d5 Kc7
72. Ke7 1-0

[Event "14. Obert Int. Sant Marti 2012"]
[Site "Barcelona ESP"]
[Date "2012.07.18"]
[Round "6.42"]
[White "Vazquez Gamero, Miguel"]
[Black "Ruiz Molina, Gabriel"]
[Result "1-0"]
[WhiteElo "2088"]
[BlackElo "1945"]
[PlyCount "87"]
[EventDate "2012.07.13"]
[EventType "swiss"]
[EventRounds "9"]
[EventCountry "ESP"]
[SourceTitle "Ajedrez en Madrid"]
[Source "lmi"]
[SourceDate "2012.07.13"]
[SourceVersion "1"]
[SourceVersionDate "2019.06.21"]
[SourceQuality "1"]

1. e4 e6 2. d4 d5 3. Nc3 Nf6 4. Bg5 dxe4 5. Nxe4 Nbd7 6. Bd3 h6 7. Bxf6 Nxf6 8.
Nf3 Be7 9. Qe2 Nd5 10. O-O-O a5 11. Ne5 O-O 12. c4 Nb4 13. Nc3 c5 14. dxc5 Qc7
15. Kb1 Bf6 16. f4 a4 17. a3 Nxd3 18. Rxd3 Ra5 19. Rhd1 b6 20. cxb6 Qxb6 21.
Rd6 Qb7 22. Nb5 Bxe5 23. fxe5 Qe7 24. Qd2 Ra8 25. g3 Bb7 26. Qd4 Bf3 27. Rd2
Rfc8 28. Rd7 Qg5 29. Nd6 Rf8 30. Qf4 Qg6+ 31. Ka1 Bh1 32. Rd1 Bg2 33. Qf2 Bc6
34. Rc7 Be4 35. c5 Rab8 36. c6 Rb3 37. Rc1 Rf3 38. Qe1 Bd5 39. Rc8 Qd3 40.
Rxf8+ Kh7 41. Qd1 Qe3 42. Qc2+ g6 43. c7 Qxe5 44. Rxf7+ 1-0

[Event "14. Obert Int. Sant Marti 2012"]
[Site "Barcelona ESP"]
[Date "2012.07.18"]
[Round "6.43"]
[White "Kopaloff, Nick"]
[Black "Franch Guiral, Ramon"]
[Result "1-0"]
[WhiteElo "2075"]
[BlackElo "1948"]
[PlyCount "99"]
[EventDate "2012.07.13"]
[EventType "swiss"]
[EventRounds "9"]
[EventCountry "ESP"]
[SourceTitle "Ajedrez en Madrid"]
[Source "lmi"]
[SourceDate "2012.07.13"]
[SourceVersion "1"]
[SourceVersionDate "2019.06.21"]
[SourceQuality "1"]

1. d4 d5 2. Nf3 e6 3. e3 Bd6 4. Bd3 f5 5. c4 c6 6. b3 Qe7 7. Bb2 Nf6 8. Nbd2
O-O 9. O-O Ne4 10. Ne5 Nd7 11. f3 Nxd2 12. Qxd2 Qf6 13. Nxd7 Bxd7 14. e4 Qf7
15. e5 Be7 16. f4 Kh8 17. Be2 Rg8 18. Bc1 h6 19. Rf3 Qf8 20. Qe1 Be8 21. Rh3
Rd8 22. c5 b6 23. b4 Bg6 24. Qc3 b5 25. a4 a6 26. axb5 axb5 27. Ra6 Rc8 28. Qa1
Rc7 29. Bd2 Qc8 30. Rha3 Qd7 31. Qf1 Rgc8 32. Qf3 Kh7 33. Be1 Be8 34. Bd2 Rb7
35. Qh3 Rcc7 36. Qc3 Bf7 37. Bd1 Be8 38. Bc2 Bh5 39. Qe3 Ra7 40. Bxf5+ Kh8 41.
Bc2 Bf7 42. Qd3 g6 43. Qh3 h5 44. g4 Rxa6 45. Rxa6 Qe8 46. f5 exf5 47. gxf5
gxf5 48. Qxf5 Qg8+ 49. Kh1 Qg7 50. Ra8+ 1-0

[Event "14. Obert Int. Sant Marti 2012"]
[Site "Barcelona ESP"]
[Date "2012.07.18"]
[Round "6.44"]
[White "Khairullin, Adel"]
[Black "Cardenas, Fernando Adrian"]
[Result "1-0"]
[WhiteElo "2004"]
[BlackElo "1916"]
[PlyCount "77"]
[EventDate "2012.07.13"]
[EventType "swiss"]
[EventRounds "9"]
[EventCountry "ESP"]
[SourceTitle "Ajedrez en Madrid"]
[Source "lmi"]
[SourceDate "2012.07.13"]
[SourceVersion "1"]
[SourceVersionDate "2019.06.21"]
[SourceQuality "1"]

1. e4 c5 2. Nc3 g6 3. g3 Bg7 4. Bg2 Nc6 5. d3 d6 6. Be3 Nf6 7. h3 Rb8 8. Qd2
Nd4 9. Nd1 b5 10. c3 Nc6 11. f4 Bd7 12. Ne2 b4 13. O-O a5 14. d4 bxc3 15. bxc3
cxd4 16. cxd4 O-O 17. Ndc3 Qc8 18. Kh2 Qa6 19. e5 Ne8 20. Ne4 a4 21. Rab1 Rxb1
22. Rxb1 Bf5 23. N2c3 Nc7 24. g4 dxe5 25. dxe5 Rd8 26. Qf2 Bxe4 27. Nxe4 Qd3
28. Rb2 Nd5 29. Bc1 Qd1 30. Qc2 Ndb4 31. Qxd1 Rxd1 32. Bd2 a3 33. Rb3 g5 34.
Bxb4 gxf4 35. Bc3 Rd3 36. Nf2 Re3 37. Bxc6 Re2 38. Kg2 Rxa2 39. Bd5 1-0

[Event "14. Obert Int. Sant Marti 2012"]
[Site "Barcelona ESP"]
[Date "2012.07.18"]
[Round "6.45"]
[White "Masferrer Niubo, Enric"]
[Black "Porta Tovar, Oriol"]
[Result "0-1"]
[WhiteElo "2000"]
[BlackElo "1900"]
[PlyCount "44"]
[EventDate "2012.07.13"]
[EventType "swiss"]
[EventRounds "9"]
[EventCountry "ESP"]
[SourceTitle "Ajedrez en Madrid"]
[Source "lmi"]
[SourceDate "2012.07.13"]
[SourceVersion "1"]
[SourceVersionDate "2019.06.21"]
[SourceQuality "1"]

1. e4 e5 2. Nf3 Nc6 3. Bc4 Bc5 4. c3 Nf6 5. d4 exd4 6. cxd4 Bb4+ 7. Bd2 Bxd2+
8. Nbxd2 d5 9. exd5 Nxd5 10. O-O O-O 11. Ne5 Na5 12. Rc1 Nxc4 13. Ndxc4 Be6 14.
Ne3 c6 15. Nd3 Qg5 16. Qf3 Rfe8 17. Nc5 Nxe3 18. fxe3 Bxa2 19. Rc3 b6 20. Ra3
Bc4 21. Rc1 Bd5 22. h4 Qh6 0-1

[Event "14. Obert Int. Sant Marti 2012"]
[Site "Barcelona ESP"]
[Date "2012.07.18"]
[Round "6.46"]
[White "Ponce Garcia, Joan"]
[Black "De Azua Arpi, Rafael"]
[Result "1/2-1/2"]
[WhiteElo "2102"]
[BlackElo "1952"]
[PlyCount "46"]
[EventDate "2012.07.13"]
[EventType "swiss"]
[EventRounds "9"]
[EventCountry "ESP"]
[SourceTitle "Ajedrez en Madrid"]
[Source "lmi"]
[SourceDate "2012.07.13"]
[SourceVersion "1"]
[SourceVersionDate "2019.06.21"]
[SourceQuality "1"]

1. d4 Nf6 2. c4 e6 3. Nc3 Bb4 4. Qc2 d5 5. Bg5 c5 6. O-O-O h6 7. Bh4 g5 8. Bg3
Nc6 9. e3 cxd4 10. exd4 Bxc3 11. bxc3 Qa5 12. f3 Bd7 13. Bd3 O-O-O 14. c5 Ne8
15. Ne2 f5 16. Kd2 f4 17. Bf2 Nc7 18. Rb1 e5 19. Qb3 Be6 20. Rb2 Kd7 21. Bb5
Nxb5 22. Qxb5 Qxb5 23. Rxb5 Kc7 1/2-1/2

[Event "14. Obert Int. Sant Marti 2012"]
[Site "Barcelona ESP"]
[Date "2012.07.18"]
[Round "6.47"]
[White "Garcia Mosquera, David"]
[Black "Garcia Castellote, Oscar"]
[Result "0-1"]
[WhiteElo "2033"]
[BlackElo "2088"]
[PlyCount "112"]
[EventDate "2012.07.13"]
[EventType "swiss"]
[EventRounds "9"]
[EventCountry "ESP"]
[SourceTitle "Ajedrez en Madrid"]
[Source "lmi"]
[SourceDate "2012.07.13"]
[SourceVersion "1"]
[SourceVersionDate "2019.06.21"]
[SourceQuality "1"]

1. e4 c5 2. f4 g6 3. Nf3 Bg7 4. c3 d5 5. e5 Nc6 6. Be2 Nh6 7. Na3 O-O 8. O-O d4
9. d3 Nf5 10. g4 Nh6 11. h3 Rb8 12. Nc2 Qb6 13. cxd4 cxd4 14. Nd2 f6 15. exf6
exf6 16. Bf3 Be6 17. Ne4 Nf7 18. b3 f5 19. Ng3 Nh6 20. Re1 Rfe8 21. Na3 Qa5 22.
g5 Nf7 23. Qd2 Qxd2 24. Bxd2 Bf8 25. Nc4 Nb4 26. Bxb4 Bxb4 27. Re2 Bd7 28. a3
Bc3 29. Raa2 b5 30. Nd2 Be6 31. Bc6 Re7 32. Bd7 Bxb3 33. Nxb3 Rxd7 34. Re6 Kf8
35. Rae2 Rc8 36. h4 a5 37. h5 a4 38. Nc1 Ba5 39. Na2 Kg7 40. hxg6 hxg6 41. Ra6
Bc7 42. Rc6 Rcd8 43. Ree6 Rd6 44. Ne2 Rxe6 45. Rxe6 Bd6 46. Nb4 Ra8 47. Nxd4
Bc5 48. Nbc6 Nd8 49. Kf1 Bxd4 50. Nxd4 Nxe6 51. Nxe6+ Kf7 52. Nc7 b4 53. Nb5
Rb8 54. Nd6+ Ke6 55. Nc4 Rc8 56. Ke1 Rxc4 0-1

[Event "14. Obert Int. Sant Marti 2012"]
[Site "Barcelona ESP"]
[Date "2012.07.18"]
[Round "6.48"]
[White "Garcia Acosta, Roger"]
[Black "Layola Barrionuevo, Javier"]
[Result "1-0"]
[WhiteElo "1894"]
[BlackElo "2061"]
[PlyCount "41"]
[EventDate "2012.07.13"]
[EventType "swiss"]
[EventRounds "9"]
[EventCountry "ESP"]
[SourceTitle "Ajedrez en Madrid"]
[Source "lmi"]
[SourceDate "2012.07.13"]
[SourceVersion "1"]
[SourceVersionDate "2019.06.21"]
[SourceQuality "1"]

1. e4 c5 2. Nf3 a6 3. c4 Nc6 4. d4 cxd4 5. Nxd4 g6 6. Nc3 e5 7. Nf3 Bb4 8. Bd3
d6 9. O-O Bxc3 10. bxc3 Nf6 11. Ne1 Nd7 12. Nc2 Nc5 13. Ne3 Be6 14. Bc2 Qd7 15.
Nd5 Bxd5 16. cxd5 Ne7 17. f4 f6 18. Rb1 exf4 19. Bxf4 O-O 20. Qd4 Kg7 21. Rb6
1-0

[Event "14. Obert Int. Sant Marti 2012"]
[Site "Barcelona ESP"]
[Date "2012.07.18"]
[Round "6.49"]
[White "Cano Sevila, Ivan"]
[Black "Quero Ortega, Juan"]
[Result "1/2-1/2"]
[WhiteElo "1521"]
[BlackElo "1877"]
[PlyCount "71"]
[EventDate "2012.07.13"]
[EventType "swiss"]
[EventRounds "9"]
[EventCountry "ESP"]
[SourceTitle "Ajedrez en Madrid"]
[Source "lmi"]
[SourceDate "2012.07.13"]
[SourceVersion "1"]
[SourceVersionDate "2019.06.21"]
[SourceQuality "1"]

1. e4 d6 2. d4 Nf6 3. Nc3 g6 4. f4 Bg7 5. Be3 O-O 6. Nf3 c6 7. h3 b5 8. Bd3 d5
9. e5 Ne8 10. g4 b4 11. Ne2 Ba6 12. Bxa6 Nxa6 13. f5 Qc8 14. Ng3 f6 15. fxg6
hxg6 16. Nh4 fxe5 17. Nxg6 Rf7 18. dxe5 Qe6 19. Qd3 Bxe5 20. Nxe5 Qxe5 21. Nf5
Rf6 22. Qxa6 d4 23. Qc4+ Re6 24. Qxd4 Qxd4 25. Nxd4 Rxe3+ 26. Kf2 Re4 27. Nxc6
Rc8 28. Kf3 Nd6 29. Rad1 Rxc6 30. Rxd6 exd6 31. Kxe4 Rxc2 32. a3 Rxb2 33. axb4
Rxb4+ 34. Kd5 Rb6 35. Ra1 a6 36. h4 1/2-1/2